Sintonización PI por modelo de referencia para sistemas de segundo orden con respuesta inversa y retardo
Tallennettuna:
| Päätekijä: | |
|---|---|
| Muut tekijät: | |
| Aineistotyyppi: | Kirja |
| Kieli: | Spanish |
| Julkaistu: |
[San José], Costa Rica
2015
|
| Aiheet: | |
| Tagit: |
Lisää tagi
Ei tageja, Lisää ensimmäinen tagi!
|
MARC
| LEADER | 00000nam a22000007a 4500 | ||
|---|---|---|---|
| 003 | 012189 | ||
| 005 | 20230818142413.0 | ||
| 008 | 150720b2015 cr a|||| |||| 00| ||spa d | ||
| 040 | |c cru CEDI | ||
| 100 | |9 1151 |a Martínez Bertozzi, José Antonio, 1991- | ||
| 245 | |a Sintonización PI por modelo de referencia para sistemas de segundo orden con respuesta inversa y retardo | ||
| 260 | |a [San José], Costa Rica |c 2015 | ||
| 300 | |a viii, 12 páginas : ilustraciones | ||
| 500 | |a Proyecto de graduación (bachillerato en ingeniería eléctrica)--Universidad de Costa Rica. Facultad de Ingeniería. Escuela de Ingeniería Eléctrica | ||
| 501 | |a Profesor Guía de IE-0499 Proyecto Eléctrico: Dr. Orlando Arrieta Orozco | ||
| 650 | |x CONTROL AUTOMATICO |x CONTROLADORES LOGICOS PROGRAMABLES |x CONTROLADORES PID |x SIMULACION POR COMPUTADORA |9 888 | ||
| 700 | |9 914 |a Arrieta Orozco, Orlando, 1980- |d Director de Proyecto Eléctrico | ||
| 942 | |c CEDI |h TFG 7354 |6 TFG_7354_000000000000000 | ||
| 999 | |c 13894 |d 13894 | ||
